Responses for Show #1132 - Tuesday, July 4, 1989

Missing introductions.

Contestants

[<< previous game]

Larry Kissner, a database manager originally from Jerseyville, Illinois

Sue Kayton, an engineer from Los Angeles, California

Catherine Laatz, an office manager originally from Hoquiam, Washington (whose 2-day cash winnings total $12,100)

[next game >>]

Jeopardy! Round responses

HISTORIC NAMES
4-LETTER WORDS
FORESTS
TOOLS
THE SOVIET UNION
'80s TV
    $100 8
(Catherine: Who is Florence Nightingale?)

Clara Barton

CatherineLarry
    $100 1
the hump

Catherine
    $100 14
Sherwood Forest

Larry
    $100 4
a crank

Sue
    $100 20
the Kremlin

Sue
    $100 10
L.A. Law

Catherine
    $200 9
Spain

Catherine
    $200 2
to stir

Catherine
    $200 15
lightning

Catherine
    $200 5
a hoe

Catherine
    $200 22
(Sue: What is a sickle?)

the Cyrillic alphabet

SueLarry
    $200 11
Magnum P.I.

Sue
    $300 19
(Catherine: Who is Xerxes?)
...
(Alex: About the only Carthaginian general you can think of is [*], or his father, Hamilcar.)

Hannibal

Catherine
Triple Stumper
    $300 3
goat

Sue
    $300 24
South America

Sue
    $300 12
a crowbar

Sue
    $300 23
(Aleksandr) Solzhenitsyn

Sue
    $300 16
West 57th Street

Catherine
    $900 29
(Alex: "[*], come here", yes.)
[The end-of-round signal sounds.]

Watson

Sue
    $400 6
(Alex: Latin for "hair" is pilus, so the word we're going for is [*].)

pile

Triple Stumper
    $400 25
Agriculture

Catherine
    $400 13
a whisk

Catherine
    $400 27
(Catherine: What is the Siberian Railroad?)

the Trans-Siberian Railroad

CatherineSue
    $400 17
Perfect Strangers

Catherine
    $500 7
case

Larry
    $500 26
(Alex: We've got less than a minute left in the round.)

the timber line

Catherine
    $500 21
a stapler

Catherine
    $500 28
Izvestia

Sue
    $500 18
Markie Post

Catherine

Scores at the first commercial break (after clue 18):

Catherine Sue Larry
$2,500 $900 $700

Scores at the end of the Jeopardy! Round:

Catherine Sue Larry
$3,200 $3,200 $900

Double Jeopardy! Round responses

AMERICAN POLITICS
BALLET
MEDICINE
FOREIGN FILMS
PUBLISHING
FAMOUS GEORGES
    $200 8
Nelson Rockefeller

Catherine
    $200 27
[The end-of-round signal sounds.]

Cinderella

Sue
    $200 18
the larynx

Catherine
    $200 1
(Alex: It's a Costa-Gavras film and it was called [*]. Or Zed if you were in England or in Canada.)

Z

Triple Stumper
    $200 16
TV Guide

Larry
    $200 3
(Sue: Who was George Patton?)
...
(Alex: [*] who portrayed George Patton, yes, a natural error.)

George C. Scott

CatherineSue
    $400 12
George Wallace

Larry
    $400 19
indigestion (heartburn)

Sue
    $400 2
(Roman) Polanski

Catherine
    $400 17
the author

Catherine
    $400 4
George Lucas

Larry
    $600 13
(Dick) Gregory

Catherine
    $600 20
the kidneys

Catherine
    $1,300 5
(Larry: [*] series. [*] Nurse. Series.)
(Alex: Yeah, you got it correctly, but you forgot the important element and that is you forgot to phrase it...)
(Larry: Oh, what is.)
(Alex: ...in the form of a question.)

Carry On

Larry
    $600 23
(Sue: What is Life?)

People magazine

SueLarry
    $600 9
(Sue: Who was George Bush?)

George Gipp (the Gipper)

CatherineSue
    $800 14
(Jack) Kemp

Catherine
    $800 26
Diana

Catherine
    $1,500 21
a placebo

Catherine
    $800 6
Sergio Leone

Larry
    $800 24
(Sue: What is Architect--[*]?)

Architectural Digest

Sue
    $800 10
George Peppard

Larry
    $1000 15
Martin Van Buren

Triple Stumper
    $1000 22
(Alex: We've got a minute left.)

anabolic steroids

Catherine
    $1000 7
the Bourgeoisie

Larry
    $1000 25
(Sue: What is the Calypso Society?)
(Alex: No.)
(Sue: I mean the Jacques Cousteau Society.)
(Catherine: What is the Jacques Cousteau Society?)

the Cousteau Society

CatherineSue
Triple Stumper
    $1000 11
George Gobel

Catherine

Scores at the end of the Double Jeopardy! Round:

Catherine Sue Larry
$10,500 $2,200 $3,800
(lock game)

[wagering suggestions for these scores]

Final Jeopardy! Round responses

STATE CAPITALS
SueWhat are Jackson and Jacksonville
$2,199
LarryWhat is H[illegible 2 or 3 letters]
$3,700
CatherineWhat are Charlotte & Charleston
$2,500
Columbus (Ohio) & Columbia (South Carolina)

Final scores:

Catherine Sue Larry
$8,000 $1 $100
3-day champion: $20,100 3rd place: Lucien Piccard his & hers watches + Jeopardy! box game or Jeopardy! Challenger 2nd place: trip on Continental to Honolulu & stay at the Hilton Hawaiian Village + Jeopardy! box game or Jeopardy! Challenger

Game dynamics:

Coryat scores:

Catherine Sue Larry
$9,800 $1,700 $5,100
26 R
(including 1 DD),
4 W
13 R
(including 1 DD),
5 W
11 R,
1 W
(including 1 DD)

Combined Coryat: $16,600

[game clues] [game scores] [suggest correction]

Game tape date: 1989-02-21
The J! Archive is created by fans, for fans. Scraping, republication, monetization, and malicious use prohibited; this site may use cookies and collect identifying information. See terms. The Jeopardy! game show and all elements thereof, including but not limited to copyright and trademark thereto, are the property of Jeopardy Productions, Inc. and are protected under law. This website is not affiliated with, sponsored by, or operated by Jeopardy Productions, Inc. Join the discussion at JBoard.tv.